书目信息 |
| 题名: |
近代中国“和平”幻想的破灭
|
|
| 作者: | 谢建美 著 | |
| 分册: | ||
| 出版信息: | 湘潭 湘潭大学出版社 2016 |
|
| 页数: | 343页 | |
| 开本: | 21cm | |
| 丛书名: | ||
| 单 册: | ||
| 中图分类: | K252.07 | |
| 科图分类: | ||
| 主题词: | 中国历史--zhong guo li shi--研究--清后期 | |
| 电子资源: | ||
| ISBN: | 978-7-5687-0017-7 | |
| 000 | 01023nam0 22002531 450 | |
| 001 | 0118172429 | |
| 005 | 20170618172429.0 | |
| 010 | @a978-7-5687-0017-7@dCNY30.00 | |
| 100 | @a20170303d2016 kemy0chiy50 ea | |
| 101 | 0 | @achi |
| 102 | @aCN@b430000 | |
| 105 | @ay v 000yy | |
| 106 | @ar | |
| 200 | 1 | @a近代中国“和平”幻想的破灭@Ajin dai zhong guo he ping huan xiang de po mie@e晚清政府主和派研究@f谢建美著 |
| 210 | @a湘潭@c湘潭大学出版社@d2016 | |
| 215 | @a343页@d21cm | |
| 300 | @a湖南省社会主义学院学术著作出版基金资助 | |
| 330 | @a本书紧扣“晚清主和派”这一群体,围绕其出现、“重生”和变化过程,对其处境、理论基础、思想策略做了全面而深入的探讨分析。书中以“派系”方式透视晚清政府主和官员之间的联系,对我们了解近代中国的嬗变有着重要意义。 | |
| 517 | 1 | @a晚清政府主和派研究@Awan qing zheng fu zhu he pai yan jiu |
| 606 | 0 | @a中国历史@Azhong guo li shi@x研究@z清后期 |
| 690 | @aK252.07@v5 | |
| 701 | 0 | @a谢建美@Axie jian mei@4著 |
| 801 | 0 | @aCN@bTANGWEI@c20170616 |
| 905 | @b1009995-10000@dK252.07@e27@f6 | |
| 近代中国“和平”幻想的破灭:晚清政府主和派研究/谢建美著 .-湘潭:湘潭大学出版社,2016 |
| 343页;21cm |
| 湖南省社会主义学院学术著作出版基金资助 |
| ISBN 978-7-5687-0017-7:CNY30.00 |
| 本书紧扣“晚清主和派”这一群体,围绕其出现、“重生”和变化过程,对其处境、理论基础、思想策略做了全面而深入的探讨分析。书中以“派系”方式透视晚清政府主和官员之间的联系,对我们了解近代中国的嬗变有着重要意义。 |
| ● |
| 相关链接 |
|
|
|
|
正题名:近代中国"和平"幻想的破灭
索取号:K252.07/27
 
预约/预借
| 序号 | 登录号 | 条形码 | 馆藏地/架位号 | 状态 | 备注 |
| 1 | 1009995 | 210099953 | 第二样本阅览室/ [索取号:K252.07/27] | 在馆 | |
| 2 | 1009996 | 210099962 | 教育系资料室/ [索取号:K252.07/27] | 在馆 | |
| 3 | 1009997 | 210099971 | 教育系资料室/ [索取号:K252.07/27] | 在馆 | |
| 4 | 1009998 | 210099980 | 教育系资料室/ [索取号:K252.07/27] | 在馆 | |
| 5 | 1009999 | 210099999 | 第二借阅区/ [索取号:K252.07/27] | 在馆 | |
| 6 | 1010000 | 210100004 | 第二借阅区/ [索取号:K252.07/27] | 在馆 |